000 00579nam a2200241 a 4500
001 nice12345678
003 IN_TiNIC
005 20260116011301.0
008 050524s1962 dela grp 000 0 urd
020 _a
_c100
082 0 0 _a891.41
_bMUN5
100 _aMunawwar, Lucknawi
245 _aAda-E-Kufr
260 _aDelhi
_bAdarsh Kitab Ghar
_c1962
300 _a112p
500 _aincludes index and biblioraphy
505 2 _abound volumes of periodicals
650 _aUrdu-Poetry
700 1 _aMunawwar, Lucknawi
902 _bSRS
942 _cBK
999 _c166
_d166